Blois - Choix Multiples - Statistiques

Statistiques générales
  • Ce quiz a été pris 154 fois
  • Le résultat moyen est 6 sur 10
Statistiques - réponses
Question Réponse % Correct
De quel département Blois est-elle la préfecture ? Le Loir-et-Cher
91%
Sur quel cours d'eau se trouve la ville de Blois ? La Loire
78%
Cette chocolaterie a été fondée à Blois, et ses produits sont encore confectionnés dans l'agglomération : Poulain
78%
Comment appelle-t-on les personnes vivant à Blois ? Les Blésois
73%
Quel monument de Blois porte le nom de Denis Papin, physicien du XVIIème siècle né non loin de la ville ? Un escalier
61%
Quel est le nom de l'artiste connu a Blois pour avoir disposé de nombreux tableaux composés d'une écriture blanche sur fond noir dans la ville ? Ben
59%
Dans ou près duquel de ces territoires Blois ne se trouve-t-elle pas ? Perche
59%
Quel événement à lieu chaque année en octobre à Blois ? Les Rendez-Vous de l'Histoire
57%
Quel roi, né au Château de Blois, fait de la ville sa résidence et y établit la cour, de la fin du XVème au début du XVIème siècle ? Louis XII
46%
En plus de la forteresse médiévale d'origine, le Château de Blois compte 3 ailes aux styles architecturaux bien distincts. Laquelle de ces images ne représente pas l'une d'entre elles ?
43%
Aucun quiz correspondant
Distribution des résultats
% des personnes avec chaque résultat
Percentile par nombre de réponses
Votre historique - résultats
Vous n’avez pas pris ce quiz